| 000 | 00619pam a2200193 a 4500 | ||
|---|---|---|---|
| 020 | _a0471857742 | ||
| 040 | _cDLC | ||
| 082 | 0 | 0 | _a658 WIL 1987 A055 Or. |
| 100 | 1 | _aMessina, William S. | |
| 245 | 1 | 0 | _aStatistical quality control for manufacturing managers / |
| 260 |
_aNew York : _bWiley, _cc1987. |
||
| 300 |
_axiii, 331 p. : _bill. ; _c24 cm. |
||
| 500 | _a"A Wiley-Interscience publication." | ||
| 500 | _aIncludes index. | ||
| 650 | 0 | _aQuality control | |
| 856 | 4 | _uhttp://www.loc.gov/catdir/toc/onix01/86034022.html | |
| 856 | 4 | 2 | _uhttp://www.loc.gov/catdir/enhancements/fy0706/86034022-d.html |
| 942 | _cEK | ||
| 999 |
_c15084 _d15084 |
||